Caricamento...

University administration: global challenges in the 21st century /

Dettagli Bibliografici
Altri autori: Gautam,, P.N
Natura: Printed Book
Lingua:English
Pubblicazione: New Delhi: Deep & Deep, 2010.
Soggetti:
LEADER 00610cam a2200181ua 4500
008 120611t2010||||||||||| 00 ||eng c
041 0 |a eng 
082 |a 378.1  |b GAU/U 
245 1 0 |a University administration: global challenges in the 21st century /  
260 |a New Delhi:  |b Deep & Deep,  |c 2010. 
300 |a 330p.. 
362 1 |a 2010. 
650 |a University administration 
650 0 |a University administration-Challenges 
700 0 2 |a Gautam,, P.N. 
942 |c BK 
999 |c 27174  |d 27174 
952 |0 0  |1 0  |4 0  |6 378_100000000000000_GAU  |7 0  |9 28941  |a KUCL  |b KUCL  |d 2014-05-23  |l 0  |o 378.1 GAU/  |p 28828  |r 2014-05-23  |w 2014-05-23  |y BK